| 000 | 02128nam a2200241Ii 4500 | ||
|---|---|---|---|
| 008 | 221202s xx 000 0 und d | ||
| 100 | 1 |
_aBowie, Duncan, _eauthor |
|
| 245 | 0 | _aReform and Revolt in the City of Dreaming Spires | |
| 246 | _aRadical, Socialist and Communist Politics in the City of Oxford 1830:1980 | ||
| 264 | 1 |
_aLondon _bUniversity of Westminster Press _c2018 |
|
| 300 | _a1 online resource (354 pages) | ||
| 336 |
_atext _btxt _2rdacontent |
||
| 337 |
_acomputer _bc _2rdamedia |
||
| 338 |
_aonline resource _bcr _2rdacarrier |
||
| 520 | _aBooks about Oxford have generally focused on the University rather than the city. This original book on the local politics of Oxford City from 1830 to 1980 is based on a comprehensive analysis of primary sources and tells the story of the city’s progressive politics. The book traces this history from Chartism and electoral reform in the mid-nineteenth century, through the early years of socialism to the impact of communism in the interwar period, the struggle between nuclear disarmers and Gaitskellites in the 1960s and the impact of the new revolutionary left in the late 1970s. Throughout the narrative, the book contrasts the two approaches of those engaged in progressive politics, those who focused on the politics of reform and improved government and those who preferred the politics of revolt, protest and revolutionary rhetoric. The author argues that a central feature of this history has been the co-existence and interaction of working- and middle- class elements. It rediscovers a rich heritage, a fascinating story and offers a rare wide-ranging chronological narrative of local UK city politics. Through its extensive quotes from primary sources, the book presents a vivid picture of local politics over 150 years. | ||
| 653 | _aLabour Party | ||
| 653 | _aLocal Politics | ||
| 653 | _aOxford City | ||
| 653 | _aOxford University | ||
| 653 | _aRadical | ||
| 856 | _uhttps://library.oapen.org/bitstream/20.500.12657/26035/1/reform-and-revolt-in-the-city-of-dreaming-spires.pdfhttp://library.oapen.org/handle/20.500.12657/26035 | ||
| 942 | _cE-BOOK | ||
| 999 |
_c65124 _d65124 |
||